[Event "Imperatriz LMX Maranhense 26th"]
[Site "Imperatriz"]
[Date "2018.07.14"]
[Round "3.7"]
[White "Aguiar, Davi De Almeida"]
[Black "Silva Filho, Dombosco Lima"]
[Result "1-0"]
[WhiteElo "1582"]
[BlackElo "1612"]
[PlyCount "44"]
[EventDate "2018.07.26"]
[EventType "swiss"]
[EventRounds "5"]
[EventCountry "BRA"]
[SourceTitle "EXT 2022"]
[Source "ChessBase"]
[SourceDate "2021.10.06"]
[SourceVersion "1"]
[SourceVersionDate "2021.10.06"]
[SourceQuality "1"]

1. e4 e6 2. d4 d5 3. exd5 exd5 4. h3 Be6 5. Nf3 Bd6 6. Bd3 Nf6 7. 0-0 0-0 8. Be3 Nbd7 9. c3 c5 10. Nbd2 c4 11. Bc2 Rc8 12. Ne5 Bb8 13. Bg5 Qc7 14. Bf4 Nxe5 15. dxe5 Nd7 16. Re1 Nc5 17. Qh5 Nd3 18. Qh4 Bf5 19. Bg3 Qb6 20. Re2 Be4 21. Nxe4 dxe4 22. Qxe4 Bxe5 1-0

[Event "Maranhao op 24th"]
[Site "Santa Luzia"]
[Date "2018.03.24"]
[Round "3"]
[White "Lima de Oliveira, Igor"]
[Black "Silva Filho, Dombosco Lima"]
[Result "1-0"]
[WhiteElo "1723"]
[BlackElo "1639"]
[PlyCount "136"]
[EventDate "2018.03.23"]
[EventType "swiss"]
[EventRounds "5"]
[EventCountry "BRA"]
[SourceTitle "EXT 2019"]
[Source "ChessBase"]
[SourceDate "2018.10.10"]
[SourceVersion "1"]
[SourceVersionDate "2018.10.10"]
[SourceQuality "1"]

1. d4 Nf6 2. c4 e6 3. Nc3 d5 4. Bg5 Be7 5. Nf3 b6 6. Bxf6 Bxf6 7. e3 0-0 8. Qb3 Bb7 9. c5 Ba6 10. Bxa6 Nxa6 11. Qb5 Qc8 12. cxb6 axb6 13. 0-0 Rb8 14. a3 c6 15. Qb3 c5 16. Rfc1 Qd7 17. Nb5 c4 18. Qa4 Ra8 19. Nc3 Qd8 20. Qb5 Re8 21. a4 Qd6 22. a5 bxa5 23. Rxa5 Reb8 24. Qa4 Bd8 25. Nb5 Qb6 26. Na7 Bc7 27. Rxa6 Qxb2 28. Rd1 c3 29. Nc8 g6 30. Rxa8 c2 31. Rxb8 cxd1Q+ 32. Qxd1 Qxb8 33. Ne7+ Kg7 34. Nc6 Qb5 35. Nce5 f6 36. Nd3 Qa5 37. Nc5 Kf7 38. g3 e5 39. Qa4 Qxa4 40. Nxa4 Ke6 41. h3 Ba5 42. Kf1 exd4 43. Nxd4+ Kd6 44. Ke2 f5 45. f3 Bd8 46. Kd3 Bf6 47. e4 dxe4+ 48. fxe4 fxe4+ 49. Kxe4 h6 50. Nc3 h5 51. Nce2 Kc5 52. Ne6+ Kd6 53. N6f4 h4 54. Nxg6 hxg3 55. Nxg3 Ke6 56. Nf4+ Kf7 57. Kf5 Ba1 58. Ne4 Kg7 59. Kg5 Bb2 60. Ne6+ Kf7 61. Kf5 Ba1 62. N4g5+ Kg8 63. Kg6 Be5 64. h4 Bc3 65. h5 Bd2 66. Nf7 Be3 67. Neg5 Bc1 68. h6 Bxg5 1-0

[Event "Caxias LMX Maranhense 20th"]
[Site "Caxias do Sul"]
[Date "2017.08.27"]
[Round "5.3"]
[White "Cardoso Da Silva, Roberto"]
[Black "Silva Filho, Dombosco Lima"]
[Result "1-0"]
[WhiteElo "1930"]
[BlackElo "1679"]
[PlyCount "93"]
[EventDate "2017.08.25"]
[EventType "swiss"]
[EventRounds "5"]
[EventCountry "BRA"]
[SourceTitle "EXT 2022"]
[Source "ChessBase"]
[SourceDate "2021.10.06"]
[SourceVersion "1"]
[SourceVersionDate "2021.10.06"]
[SourceQuality "1"]

1. c4 Nf6 2. Nc3 g6 3. b3 Bg7 4. Bb2 c5 5. g3 Nc6 6. Bg2 d6 7. Nd5 e5 8. Nf3 Nxd5 9. cxd5 Ne7 10. e4 Bg4 11. 0-0 Qd7 12. d3 Bh3 13. Qd2 0-0 14. Qg5 Bxg2 15. Kxg2 f5 16. Nd2 b5 17. Qh4 f4 18. f3 fxg3 19. hxg3 Kf7 20. Qh3 Qxh3+ 21. Kxh3 g5 22. a4 a6 23. Rh1 Ng6 24. Kg2 h6 25. Ra2 Kg8 26. Rha1 b4 27. Nc4 Rf6 28. Ne3 Ne7 29. Rf1 Raf8 30. Bc1 h5 31. Raf2 Kh7 32. Nc4 Kg6 33. Nb6 R6f7 34. Nc4 Nc8 35. f4 exf4 36. gxf4 gxf4 37. Rxf4 Rxf4 38. Rxf4 Rxf4 39. Bxf4 Bf8 40. a5 Kf7 41. Nb6 Na7 42. Nd7 Be7 43. Nb8 Bd8 44. Bxd6 Bxa5 45. Bxc5 Nb5 46. Nxa6 Kf6 47. Nxb4 1-0

[Event "Buriticupu LMX Maranhense 18th"]
[Site "Buriticupu"]
[Date "2017.06.28"]
[Round "5.2"]
[White "Silva Filho, Dombosco Lima"]
[Black "Silva, Valdecir Batista"]
[Result "1-0"]
[WhiteElo "1637"]
[BlackElo "1929"]
[PlyCount "31"]
[EventDate "2017.06.26"]
[EventType "swiss"]
[EventRounds "5"]
[EventCountry "BRA"]
[SourceTitle "EXT 2022"]
[Source "ChessBase"]
[SourceDate "2021.10.06"]
[SourceVersion "1"]
[SourceVersionDate "2021.10.06"]
[SourceQuality "1"]

1. d4 d5 2. Nf3 Nc6 3. e3 a6 4. Be2 Nf6 5. Nbd2 e6 6. c4 Bb4 7. 0-0 0-0 8. c5 h6 9. a3 Bxd2 10. Qxd2 Re8 11. b4 e5 12. dxe5 Nxe5 13. Nxe5 Rxe5 14. Bb2 Re8 15. Qd4 Ne4 16. Qxg7# 1-0

[Event "Buriticupu LMX Maranhense 18th"]
[Site "Buriticupu"]
[Date "2017.06.27"]
[Round "3.3"]
[White "Silva Filho, Dombosco Lima"]
[Black "De S Oliveira, Francinato Meneze"]
[Result "1-0"]
[WhiteElo "1637"]
[BlackElo "2043"]
[PlyCount "87"]
[EventDate "2017.06.26"]
[EventType "swiss"]
[EventRounds "5"]
[EventCountry "BRA"]
[SourceTitle "EXT 2022"]
[Source "ChessBase"]
[SourceDate "2021.10.06"]
[SourceVersion "1"]
[SourceVersionDate "2021.10.06"]
[SourceQuality "1"]

1. d4 Nf6 2. c4 c5 3. Nf3 cxd4 4. Nxd4 e5 5. Nf3 Nc6 6. e3 Bc5 7. Be2 d6 8. a3 0-0 9. 0-0 h6 10. b4 Bb6 11. Bb2 Qe7 12. Nc3 Be6 13. Na4 Bc7 14. Nc3 Rad8 15. Qc2 Nh7 16. e4 Ng5 17. Nd5 Nxf3+ 18. Bxf3 Qd7 19. Rad1 Bxd5 20. Rxd5 Ne7 21. Rd2 f5 22. exf5 Nxf5 23. Bxb7 Qe7 24. Bd5+ Kh8 25. Re2 Qg5 26. Qd2 Qf6 27. f4 Ne7 28. Rf3 Qh4 29. g3 Qg4 30. Kg2 Nf5 31. Kf1 Bb6 32. Ke1 Bd4 33. Qd3 Bxb2 34. Rxb2 Nd4 35. Rff2 Rde8 36. Kf1 Qh3+ 37. Kg1 exf4 38. Bg2 Re1+ 39. Rf1 Qf5 40. Qxd4 fxg3 41. Rxe1 gxh2+ 42. Kh1 Rc8 43. Rf2 Qg5 44. Ref1 1-0

[Event "Buriticupu LMX Maranhense 18th"]
[Site "Buriticupu"]
[Date "2017.06.24"]
[Round "2.7"]
[White "Sousa, Carlos Eduardo Da S"]
[Black "Silva Filho, Dombosco Lima"]
[Result "0-1"]
[WhiteElo "1483"]
[BlackElo "1637"]
[PlyCount "50"]
[EventDate "2017.06.26"]
[EventType "swiss"]
[EventRounds "5"]
[EventCountry "BRA"]
[SourceTitle "EXT 2022"]
[Source "ChessBase"]
[SourceDate "2021.10.06"]
[SourceVersion "1"]
[SourceVersionDate "2021.10.06"]
[SourceQuality "1"]

1. e4 e6 2. Nf3 d5 3. exd5 exd5 4. d3 Bg4 5. Be2 Nf6 6. Bg5 Be7 7. 0-0 0-0 8. h3 Be6 9. c3 c5 10. Nbd2 Nc6 11. Qc2 h6 12. Bxf6 Bxf6 13. Nh2 Rc8 14. f4 Qd6 15. Rf3 Rfe8 16. Re1 Bf5 17. Rf2 Bh4 18. Ndf3 Bxf2+ 19. Kxf2 Qxf4 20. Qb3 Ne5 21. Qxb7 Rb8 22. Qxd5 Rxb2 23. Kg1 Qe3+ 24. Kf1 Nxd3 25. Ne5 Qf2# 0-1

[Event "Buriticupu LMX Maranhense 18th"]
[Site "Buriticupu"]
[Date "2017.06.23"]
[Round "1.1"]
[White "Silva Filho, Dombosco Lima"]
[Black "Abreu, Nilton Silva"]
[Result "0-1"]
[WhiteElo "1637"]
[BlackElo "1972"]
[PlyCount "100"]
[EventDate "2017.06.26"]
[EventType "swiss"]
[EventRounds "5"]
[EventCountry "BRA"]
[SourceTitle "EXT 2022"]
[Source "ChessBase"]
[SourceDate "2021.10.06"]
[SourceVersion "1"]
[SourceVersionDate "2021.10.06"]
[SourceQuality "1"]

1. d4 d5 2. Nf3 Bf5 3. g3 Nf6 4. Bg2 Nc6 5. a3 h6 6. Nbd2 e6 7. b4 b5 8. Bb2 Bd6 9. Nh4 Bh7 10. e3 0-0 11. 0-0 Qd7 12. Nb3 a5 13. c3 a4 14. Nc5 Bxc5 15. dxc5 Ne5 16. Nf3 Nc4 17. Qe2 c6 18. Rfd1 Nxb2 19. Qxb2 Rac8 20. Rac1 Rfe8 21. Nd4 e5 22. Nf3 Bg6 23. Nh4 Bh7 24. Nf3 Be4 25. Qe2 Bxf3 26. Bxf3 e4 27. Bg2 Qe6 28. h3 Nd7 29. Re1 Ne5 30. Rcd1 Qf6 31. Rf1 Nc4 32. Qa2 Qxc3 33. Ra1 Re6 34. Rfc1 Qf6 35. Rf1 Rce8 36. Rad1 Qb2 37. Qxb2 Nxb2 38. Rd4 Rf6 39. f4 exf3 40. Rxf3 Rxf3 41. Bxf3 Rxe3 42. Kf2 Re5 43. g4 Nc4 44. Rd3 f5 45. gxf5 Rxf5 46. Kg3 Ne5 47. Bg4 Nxg4 48. hxg4 Re5 49. Kf4 Re4+ 50. Kf5 Kf7 0-1

[Event "Coroata LMX 13th"]
[Site "Coroata"]
[Date "2016.10.30"]
[Round "5.4"]
[White "Abreu, Nilton Silva"]
[Black "Silva Filho, Dombosco Lima"]
[Result "1-0"]
[WhiteElo "1983"]
[BlackElo "1699"]
[PlyCount "30"]
[EventDate "2016.10.28"]
[EventType "swiss"]
[EventRounds "5"]
[EventCountry "BRA"]
[SourceTitle "EXT 2022"]
[Source "ChessBase"]
[SourceDate "2021.10.06"]
[SourceVersion "1"]
[SourceVersionDate "2021.10.06"]
[SourceQuality "1"]

1. e4 e6 2. d4 d5 3. Nd2 Nf6 4. e5 Nfd7 5. Bd3 c5 6. c3 Nc6 7. Ne2 Be7 8. 0-0 b6 9. f4 Bb7 10. a3 cxd4 11. cxd4 Nxd4 12. Nxd4 Bc5 13. N2f3 0-0 14. b4 Be7 15. Be3 f6 1-0

[Event "Caxias LMX Maranhense 10th"]
[Site "Caxias do Sul"]
[Date "2016.07.31"]
[Round "5.3"]
[White "Bastos, Werton Alvarenga"]
[Black "Silva Filho, Dombosco Lima"]
[Result "1-0"]
[WhiteElo "2079"]
[BlackElo "1751"]
[PlyCount "61"]
[EventDate "2016.07.29"]
[EventType "swiss"]
[EventRounds "5"]
[EventCountry "BRA"]
[SourceTitle "EXT 2022"]
[Source "ChessBase"]
[SourceDate "2021.10.06"]
[SourceVersion "1"]
[SourceVersionDate "2021.10.06"]
[SourceQuality "1"]

1. c4 c5 2. g3 g6 3. Bg2 Nc6 4. Nc3 Bg7 5. Nf3 Nf6 6. 0-0 0-0 7. d4 cxd4 8. Nxd4 d6 9. Nc2 Be6 10. b3 Qc8 11. Re1 Bh3 12. Bh1 Ng4 13. Bb2 Qf5 14. Bf3 Nce5 15. Nd5 Qd7 16. Nd4 Nxf3+ 17. exf3 e6 18. Nf4 Nf6 19. Nxh3 e5 20. Ne2 Qxh3 21. Qxd6 Rfd8 22. Qb4 e4 23. Nf4 Qf5 24. Bxf6 Bxf6 25. fxe4 Qg5 26. Rad1 b6 27. Nd5 Bg7 28. h4 Qg4 29. Kg2 Bh8 30. f3 Qe6 31. Nc7 1-0

[Event "Santa Luzia LMX Maranhense 8th"]
[Site "Santa Luzia"]
[Date "2016.04.30"]
[Round "3.7"]
[White "Da Silva, Marcos Claudio Oliv"]
[Black "Silva Filho, Dombosco Lima"]
[Result "0-1"]
[WhiteElo "1800"]
[BlackElo "1781"]
[PlyCount "102"]
[EventDate "2016.04.29"]
[EventType "swiss"]
[EventRounds "5"]
[EventCountry "BRA"]
[SourceTitle "EXT 2022"]
[Source "ChessBase"]
[SourceDate "2021.10.06"]
[SourceVersion "1"]
[SourceVersionDate "2021.10.06"]
[SourceQuality "1"]

1. e4 e6 2. Nf3 d5 3. e5 c5 4. d3 Nc6 5. Bf4 Nge7 6. Be2 Ng6 7. g3 Be7 8. Qd2 b5 9. d4 c4 10. a3 a5 11. Ng5 Bd7 12. h4 b4 13. axb4 axb4 14. Rxa8 Qxa8 15. 0-0 Qa7 16. Be3 f6 17. Nf3 Qb8 18. h5 Nf8 19. h6 g6 20. Bf4 g5 21. exf6 gxf4 22. f7+ Kxf7 23. Ne5+ Nxe5 24. Qxf4+ Bf6 25. Bh5+ Nfg6 26. dxe5 Qxe5 27. Qxe5 Bxe5 28. f4 Bf6 29. Nd2 Ke7 30. f5 exf5 31. Re1+ Kd6 32. Bf3 Re8 33. Rxe8 Bxe8 34. Kg2 Bxb2 35. Bh5 Nf4+ 36. gxf4 Bxh5 37. Kf2 Bc1 38. Ke3 Bxd2+ 39. Kxd2 d4 40. c3 dxc3+ 41. Kc2 Kd5 42. Kb1 Kd4 43. Kc1 Kd3 44. Kb1 Kd2 45. Ka2 b3+ 46. Ka3 c2 47. Kb4 c1Q 48. Ka4 b2 49. Kb4 b1Q+ 50. Kc5 Qa3+ 51. Kd5 Qad3+ 0-1

[Event "Santa Luzia LMX Maranhense 7th"]
[Site "Santa Luzia"]
[Date "2016.03.27"]
[Round "4.7"]
[White "Do Nascimento, Antonio dos Santos"]
[Black "Silva Filho, Dombosco Lima"]
[Result "0-1"]
[WhiteElo "1772"]
[BlackElo "1751"]
[PlyCount "56"]
[EventDate "2016.03.25"]
[EventType "swiss"]
[EventRounds "5"]
[EventCountry "BRA"]
[SourceTitle "EXT 2022"]
[Source "ChessBase"]
[SourceDate "2021.10.06"]
[SourceVersion "1"]
[SourceVersionDate "2021.10.06"]
[SourceQuality "1"]

1. d4 Nf6 2. Nc3 d5 3. Nf3 e6 4. a3 c5 5. e3 Nbd7 6. Bd3 Be7 7. 0-0 a6 8. Re1 b5 9. e4 c4 10. Bf1 dxe4 11. Nxe4 0-0 12. c3 Bb7 13. Qc2 Nxe4 14. Rxe4 Bxe4 15. Qxe4 Nf6 16. Qc2 Qc7 17. Bg5 Nd5 18. g3 f6 19. Bd2 e5 20. Re1 exd4 21. Nxd4 Rfe8 22. Bg2 Qd7 23. Nf5 Bc5 24. Bh3 Rxe1+ 25. Bxe1 Qe8 26. Qd2 Rd8 27. Nd4 Nb6 28. Kf1 Qe5 0-1

[Event "Coroata LMX Maranhense 5th"]
[Site "Coroata"]
[Date "2015.11.29"]
[Round "4.5"]
[White "Lobo, Pedro Aluizio de Ab"]
[Black "Silva Filho, Dombosco Lima"]
[Result "1-0"]
[WhiteElo "1575"]
[BlackElo "1823"]
[PlyCount "37"]
[EventDate "2015.11.27"]
[EventType "swiss"]
[EventRounds "5"]
[EventCountry "BRA"]
[SourceTitle "EXT 2022"]
[Source "ChessBase"]
[SourceDate "2021.10.06"]
[SourceVersion "1"]
[SourceVersionDate "2021.10.06"]
[SourceQuality "1"]

1. d4 Nf6 2. c4 d5 3. Nc3 e6 4. Nf3 c5 5. cxd5 cxd4 6. Qa4+ Qd7 7. dxe6 Qxa4 8. exf7+ Kxf7 9. Nxa4 Nc6 10. b3 Bb4+ 11. Bd2 Rd8 12. a3 Bxd2+ 13. Nxd2 Be6 14. Nc5 Bc8 15. g3 b6 16. Nd3 Rb8 17. Bg2 Ne7 18. 0-0 Nfd5 19. Ne5+ 1-0